| 000 | 00395nam a2200157Ia 4500 | ||
|---|---|---|---|
| 008 | 241014s9999||||xx |||||||||||||| ||und|| | ||
| 020 | _a1870941454 | ||
| 060 | _aHF 563 M 1989 | ||
| 100 | _aMillichamp, A.H | ||
| 245 | 0 | _aFoundation Accounting: An Instructional Manual | |
| 250 | _a1989 | ||
| 260 |
_aLondon _bDP Publications |
||
| 300 | _a500 | ||
| 650 | _aAccounting | ||
| 942 |
_bIBHM _cBK |
||
| 999 |
_c16256 _d16256 |
||